| 000 -ლიდერი |
| ფიქსირებული სიგრძის საკონტროლო ველი |
01218nam a2200217Ia 4500 |
| 001 - საკონტროლო ნომერი |
| საკონტროლო ველი |
1599 |
| 003 - საკონტროლო ნომრის იდენტიფიკატორი |
| საკონტროლო ველი |
GE_BSU |
| 005 - ბოლო ოპერაციის თარიღი და დრო |
| საკონტროლო ველი |
20210324150638.0 |
| 008 - ფიქსირებული სიგრძის მონაცემთა ელემენტები - ზოგადი ინფორმაცია |
| ფიქსირებული სიგრძის საკონტროლო ველი |
181216s2011||||ge |||||||||||||| ||geo|| |
| 041 ## - ენის კოდი |
| Language code of text/sound track or separate title |
geo |
| 080 ## - უნივერსალური ათობითი კლასიფიკაციის ინდექსი |
| Universal Decimal Classification number |
665.6(083.7) ჩ-96 |
| 100 ## - მთავარი ჩანაწერი - პიროვნების სახელი |
| Personal name |
ჩხაიძე, დავით. |
| 9 (RLIN) |
6067 |
| 245 ## - ცნობა სათაურის შესახებ |
| Title |
გაზომვების მეთოდების შემმუშავებელი ამერიკული საზოგადოების (ASTM) ზოგიერთი სატანდართული ანალიზის მიმოხილვა.ნაწ.2. |
| Remainder of title |
სასწავლო მეთოდიკა ნავთობისა და გაზის სპეციალობისათვის / |
| Statement of responsibility, etc |
დავით ჩხაიძე ; მადონა ლორია ; რედ. ანზორ აბშილავა. |
| 264 ## - წარმოების, გამოცემის, დისტრიბუციის და სხვა ცნობები |
| გამოცემის, წარმოების, დისტრიბუციის... ადგილი |
ბათუმი, |
| გამოცემის, წარმოების, დისტრიბუციის... თარიღი |
2011. |
| 300 ## - ფიზიკური აღწერა |
| Extent |
49 გვ .: |
| Dimensions |
19 სმ. |
| 653 ## - INDEX TERM--UNCONTROLLED |
| Uncontrolled term |
ნავთობი |
| 653 ## - INDEX TERM--UNCONTROLLED |
| Uncontrolled term |
გაზი |
| 700 ## - ADDED ENTRY--PERSONAL NAME |
| Personal name |
ლორია, მადონა |
| 9 (RLIN) |
5254 |
| 700 ## - ADDED ENTRY--PERSONAL NAME |
| Personal name |
აბშილავა, ანზორ |
| Relator term |
რედაქტორი |
| 9 (RLIN) |
6233 |
| 942 ## - ADDED ENTRY ELEMENTS (KOHA) |
| Koha item type |
წიგნი |
| Source of classification or shelving scheme |
|